| 000 | 00517nam a2200181Ia 4500 | ||
|---|---|---|---|
| 003 | GCL | ||
| 008 | 140319s9999 xx 000 0 ara d | ||
| 040 |
_aGCL / _cGCL |
||
| 082 | 0 | 4 |
_a813 _bى ض |
| 100 | 1 | _aيوسف ابو رية | |
| 245 | 1 | 0 |
_aالضحى العالى / _cيوسف ابو رية |
| 260 |
_aالقاهرة : _bدار شهدى للنشر ، _c1985 |
||
| 300 |
_a120 ص ؛ _c20 سم |
||
| 490 | _a | ||
| 650 | 0 | 4 | _aالادب العربى |
| 650 | 0 | 4 | _aالقصص العربية |
| 942 |
_2ddc _cBK |
||
| 999 |
_c38422 _d38422 |
||